00550 a2200145 4500020001500000040001300015082001000028100002400038245012800062260004900190300003500239500005000274650004100324700003900365 a8178670437 aDLCbDLC a003.3 aZeigler, Bernard P. aTheory of modeling and simulation : integrating discrete event and continuous complex dynamic systemscBernard P Zeigler, . aNew Delhi:bHarcourt India Pvt. Ltd.,c2000. axxi, 510 p. :b ill. ;c26 cm. aIncludes bibliographical references and index aComputer simulation.2.System theory. aPraehofer, Herbert.2.Kim, Tag Gon.